| 000 | 01644 a2200193 4500 | ||
|---|---|---|---|
| 020 | _a0471250791 (paperback) | ||
| 020 | _a9780471250791 (paperback) | ||
| 082 | 0 | 4 | _a658.402 |
| 090 |
_c5463 _d5463 |
||
| 100 | 1 | _aBergeron, Bryan. | |
| 245 | 1 | 0 |
_aEssentials of shared services / _cBryan Bergeron. |
| 260 |
_a[S.l.] : _bWiley, _c2002. |
||
| 300 |
_a272 p. ; _c23 cm. |
||
| 490 | 1 | _aEssentials series. | |
| 520 | _aLearn what shared services is–and is not Implementation issues of shared services Management challenges of shared services Technical aspects of shared services, including enabling information technologies Best practices of shared services, including how to evaluate implementations Full of valuable tips, techniques, illustrative real-world examples, exhibits, and best practices, this handy and concise paperback will help you stay up to date on the newest thinking, strategies, developments, and technologies in shared services. "Shared Services is a business model with which every CEO should be familiar. In today’s complex business environment, even if you’re not using shared services, you’re likely to be serving or being serviced by a company using this model. Bryan Bergeron’s book provides a solid, easily absorbed, and practical overview of shared services. It belongs on every CEO’s bookshelf." –Aaron Kleiner Cofounder, MIT Enterprise Forum CFO, Kurzweil Techn | ||
| 830 | _aEssen | ||
| 856 |
_3Amazon.com _uhttp://www.amazon.com/exec/obidos/ASIN/0471250791/ch |
||
| 942 |
_aNBS _cBK _k658.402 BER |
||
| 999 |
_c347870 _d347870 |
||